Pierre l'Ermite et la croisade /

محفوظ في:

المؤلف الرئيسي: Le Febvre, Yves (مؤلف)

التنسيق: كتاب

اللغة: French

منشور في: Amiens : Malfère, [1946].

سلاسل: Les Grandes heures de l'histoire.

الموضوعات:

الوسوم: إضافة وسم

لا توجد وسوم, كن أول من يضع وسما على هذه التسجيلة!

رقم الطلب: D161.2 .L4 1946

LEADER 00853nam a22002531 4500
001 6826
003 OSt
005 20251130110202.0
008 130303s1946 fr 000 0bfre d
010 |a 47018850 
035 |a ocm02855599 
040 |c ARCE Library 
050 4 |a D161.2 .L4 1946 
100 1 |a Le Febvre, Yves,  |e author 
245 1 0 |a Pierre l'Ermite et la croisade /   |c Yves Le Febvre. 
264 1 |a Amiens :   |b Malfère,   |c [1946]. 
300 |a 3 p. ℓ., 9-215 pages 3 l. ;  |c 19 cm. 
490 0 |a Les Grandes heures de l'histoire. 
505 0 |a Trois mondes.-- Pèlerinages et guerres saintes.-- La papauté et le concile de Clermont.-- Pierre l'Ermite et la croisade populaire.-- Les barons d'Occident. 
600 0 0 |a Peter,  |c the Hermit,  |d -1115. 
650 0 |a Crusades  |y First, 1096-1099. 
901 |a reviewed 
942 |c BK  |2 lcc 
999 |c 4474  |d 4474